000 00828pam a2200253 a 4500
001 3433892
005 20250208121526.0
008 920108s1992 enka 001 0 eng c
020 _a9780397447190
_c$149.50
050 0 0 _aRC682.8
_b.A53 1992
082 0 0 _a616.1/207
_220
100 1 _aAnderson, Robert H.
245 1 4 _aThe heart :
_bstructure in health and disease /
_cRobert H. Anderson, Anton E. Becker.
260 _aLondon ;
_aNew York :
_bGower Medical Pub.,
_cc1992.
300 _a1 v. (various pagings) :
_bcol. ill. ;
_c32 cm.
500 _aIncludes index.
650 0 _aHeart
_xPathophysiology.
650 0 _aAnatomy, Pathological.
650 2 _aHeart
_xanatomy & histology.
650 2 _aHeart
_xphysiopathology.
650 2 _aHeart Diseases
_xphysiopathology.
700 1 _aBecker, Anton E.
942 _2lcc
_cBK
_n0
999 _c3664
_d3664